书目信息 |
| 题名: |
野蛮的文明
|
|
| 作者: | 刘英奎 , 张小乐 著 | |
| 分册: | ||
| 出版信息: | 沈阳 辽海出版社 2006 |
|
| 页数: | 153页 | |
| 开本: | 19cm | |
| 丛书名: | 中国历史文化丛书 | |
| 单 册: | ||
| 中图分类: | D929.2 | |
| 科图分类: | ||
| 主题词: | 刑法--法制史--中国--古代 , 刑法 , 法制史 | |
| 电子资源: | ||
| ISBN: | 7-80638-865-6 | |
| 000 | 01005oam2 2200313 450 | |
| 001 | 012007320478 | |
| 005 | 20070605143522.67 | |
| 010 | @a7-80638-865-6@dCNY720.00(全30册) | |
| 100 | @a20070602d2006 km y0chiy0120 ea | |
| 101 | 0 | @achi |
| 102 | @aCN@b210000 | |
| 105 | @ay z 000yy | |
| 106 | @ar | |
| 200 | 1 | @a野蛮的文明@Aye man de wen ming@e中国历代刑法@f刘英奎,张小乐著@Fliu ying kui,zhang xiao yue zhu |
| 205 | @a2版 | |
| 210 | @a沈阳@c辽海出版社@d2006 | |
| 215 | @a153页@d19cm | |
| 225 | 2 | @a中国历史文化丛书 |
| 330 | @a本书主要内容包括:是“太阳”,百姓也愿同归于尽,“礼不下庶人,刑不上大夫”,大变革时代,秦律眼里皆罪人,肉刑废除以后等。 | |
| 461 | 0 | @12001 @a中国历史文化丛书 |
| 517 | 1 | @a中国历代刑法@Azhong guo li dai xing fa |
| 606 | 0 | @a刑法@x法制史@y中国@z古代 |
| 606 | 0 | @a刑法 |
| 606 | 0 | @a法制史 |
| 690 | @aD929.2@v4 | |
| 701 | 0 | @a刘英奎@Aliu ying kui@4著 |
| 701 | 0 | @a张小乐@Azhang xiao yue@4著 |
| 801 | 0 | @aCN@bRULIN@c20070605 |
| 905 | @dD929.2@e304=2@s5 | |
| 野蛮的文明:中国历代刑法/刘英奎,张小乐著.-2版.-沈阳:辽海出版社,2006 |
| 153页;19cm.-(中国历史文化丛书) |
| ISBN 7-80638-865-6:CNY720.00(全30册) |
| 本书主要内容包括:是“太阳”,百姓也愿同归于尽,“礼不下庶人,刑不上大夫”,大变革时代,秦律眼里皆罪人,肉刑废除以后等。 |
| ● |
| 相关链接 |
|
|
|
|
正题名:野蛮的文明
索取号:D929.2/304=2
 
预约/预借
| 序号 | 登录号 | 条形码 | 馆藏地/架位号 | 状态 | 备注 |
| 1 | 0582712 | 205827122 | 第一样本阅览室/ [索取号:D929.2/304=2] | 在馆 | |
| 2 | 0582713 | 205827131 | 第一借阅区/ [索取号:D929.2/304=2] | 在馆 | |
| 3 | 0582714 | 205827140 | 第一借阅区/ [索取号:D929.2/304=2] | 在馆 | |
| 4 | 0582715 | 205827159 | 第一借阅区/ [索取号:D929.2/304=2] | 在馆 | |
| 5 | 0582716 | 205827168 | 第一借阅区/ [索取号:D929.2/304=2] | 在馆 |